Word Ladder: European Capital and Country Quiz Stats

 Plays Quiz Updated Oct 13, 2017

Score 0/28 Timer 03:00
1 Play Today
Hint 4-Letter Answer % Correct
Beverage made from fermented grapesWINE
94.8%
Farm structure for animalsBARN
94.2%
A green citrus fruitLIME
93.7%
It connects two pointsLINE
92.6%
Give notice of potential harmWARN
91.6%
It's used to conduct electricityWIRE
90.4%
Light afireBURN
89.6%
An item for saleWARE
87.1%
What dogs do when hotPANT
86.4%
One of the 'Big Cats'LION
85.5%
Female horseMARE
84.5%
1998 movie - 'There's Something About ____'MARY
84.3%
• A lot more than a few •• MANY •
82.8%
Intersection between two regions of hairPART
81.4%
Hint 4-Letter Answer % Correct
A roadway divisionLANE
79.7%
• Microorganism that may cause disease •• GERM •
79.2%
A type of curly hairstylePERM
79.2%
American actor famous for 'Pretty Woman'GERE
78.6%
French for 'father'PÈRE
77.3%
Unit of glassPANE
77.2%
France's third largest cityLYON
75.6%
___-Dixie - US supermarket chainWINN
75.4%
Lively or sprightlyPERT
74.2%
To represent by drawing or paintingLIMN
71.5%
• US politician famous for his duel with Hamilton •• BURR •
71.2%
Trim by cutting away outer edgesPARE
70.8%
Noted Las Vegas resort casinoWYNN
59.7%
• Nolan Ryan's real first name •• LYNN •
56.9%

Today's Daily Dose

Missing Word
Arizona A-Z

Word Ladder
Greek Letters II

Get the Picture
US National Parks

You're not logged in!

Compare scores with friends on all Sporcle quizzes.
OR
Log In

You Might Also Like...

Show Comments

Extras

Top Quizzes Today


Score Distribution

Your Account Isn't Verified!

In order to create a playlist on Sporcle, you need to verify the email address you used during registration. Go to your Sporcle Settings to finish the process.

Report this User

Report this user for behavior that violates our Community Guidelines.

Details: